000 00682nam a2200289Ia 4500
005 20260324133416.0
008 008 260324s9999 xx 000 0 eng d
020 _a9780203423165
037 _aEBOOK
040 _aCRL
040 _beng
040 _cCRL
041 _2eng
041 _aeng
084 _qCRL
100 _aG. W. Bernard
_91192985
245 0 _aStudying at University
245 0 _bHow to Adapt Successfully to College Life
260 _bTaylor and Francis
260 _c2003
365 _a
365 _b300
856 _uhttp://www.taylorfrancis.com/books/9780203423165
942 _cEBOOK
999 _c1791981
_d1791981